00975namaa22001931i 4500001000700000003000900007005001700016008004100033016001800074040002200092100003000114245011400144260006500258300002100323500009400344852019700438999001900635952012700654172985ES-MaACL20230906215110.0091001s1877 sp r |||| | spa d7 zIND9100146317 aSpMaBN bspa cA20 aCatalina, Mariano.93703710aLuchas de amor b: leyenda histórico-dramática en tres actos, /coriginal y en verso de Mariano Catalina. aMadrid : b[s.n.], c1877 (fImp. y Fundición de M. Tello) a92 p. ; c19 cm. aEn port.: Representóse en el Teatro Español ... la noche del 30 de diciembre de 1870. aES-MaACLjF-8601(3) q.- Falto de la cub. original z.- Enc. en un vol. facticio formando parte de la col. facticia "Teatro Español moderno", vol. 54 z.- Firma de Gustavo Sáenz Diez, 1877 c172985d172985 001040708LIBXIXaATENEOMbATENEOMcSPP2d2009-10-01eSCl0oF-8601(3)p1181514r2023-02-23 00:00:00w2023-02-23yMONANT